Alle Länder die je am ESC teilnahmen - Statistiken

Allgemein
  • Dieses Quiz wurde 290 mal gespielt
  • Das Durchschnittsergebnis liegt bei 46 aus 52
Antwortstatistiken
Beste Platzierung Antwort % Korrekt
1. Schweden
99%
1. Deutschland
98%
1. Spanien
98%
1. Norwegen
97%
1. Finnland
96%
1. Luxemburg
96%
1. Niederlande
96%
1. Österreich
96%
1. Portugal
96%
1. Russland
96%
1. Dänemark
95%
1. Schweiz
95%
1. Italien
94%
1. Ukraine
94%
1. Irland
93%
1. Lettland
93%
6. Litauen
93%
2. Polen
93%
2. Serbien und Montenegro
93%
1. Vereinigtes Königreich
93%
1. Belgien
92%
1. Estland
92%
1. Griechenland
92%
18. Slowakei
92%
1. Frankreich
91%
2. Kroatien
91%
19. San Marino
91%
2. Island
90%
1. Israel
90%
3. Rumänien
90%
1. Serbien
90%
7. Slowenien
90%
1. Türkei
90%
2. Bulgarien
89%
5. Albanien
87%
4. Ungarn
87%
6. Belarus
86%
6. Tschechien
86%
2. Australien
85%
3. Bosnien und Herzegowina
83%
SF 12. Andorra
82%
2. Malta
82%
7. Nordmazedonien
82%
3. Moldawien
81%
1. Monaco
80%
13. Montenegro
79%
2. Zypern
79%
1. Aserbaidschan
78%
3. Armenien
77%
9. Georgien
73%
1. Jugoslawien
52%
18. Marokko
47%
Keine übereinstimmenden Quizze gefunden
Verteilung der Resultate
Anzahl Personen mit jedem Resultat
Perzentil nach korrekt beantworteten Fragen
Ihre Resultats-Entwicklung
Sie haben dieses Quiz noch nicht gespielt